My watch

Gardado en:
Detalles Bibliográficos
Autor Principal: OBASANJO, Olusegun
Formato: Libro
Idioma:inglés
Publicado: Kachifo Publishers, , 2014
Tags: Engadir etiqueta
Sen Etiquetas, Sexa o primeiro en etiquetar este rexistro!

MARC

LEADER 00000nam a22000007a 4500
008 201222b ||||| |||| 00| 0 eng d
020 |a ISBN: 978-978-53163-4-6 
100 |a OBASANJO, Olusegun 
245 |a My watch  |c Olusegun Obasanjo  |g  656p.; ill 
260 |b Kachifo Publishers,  |c , 2014  |h Lagos:  |i 681065)   |i 681066)  |i 681067)  |l DT515.83 .Ob1  |m Obasanjo, Olusegun  |m Heads of State – Nigeria – Biography  |m Generals – Nigeria – Biography  |m Nigeria – Politics and government – 1993-2007  |m Nigeria – Politics and government – 1960-  
500 |a “ It includes index in volumes 
942 |a lcc  |c BK  |e Olagoke M.A  |f 22/12/2020 
952 |0 0  |1 0  |2 lcc  |4 0  |6 DT051583 O B1  |7 0  |9 1126  |a HOL  |b AC  |d 2020-12-22  |l 0  |o DT515.83 .Ob1   |p 2020-230333  |r 2020-12-22 00:00:00  |w 2020-12-22  |y BK 
952 |0 0  |1 0  |2 lcc  |4 0  |7 0  |9 1130  |a HOL  |b HOL  |c AF  |d 2020-12-22  |o DT515.83 .Ob1   |p 2020-230337  |r 2020-12-22 00:00:00  |w 2020-12-22  |y BK 
952 |0 0  |1 0  |2 lcc  |4 0  |6 DT051583 O B1  |7 0  |9 1131  |a HOL  |b HOL  |c AF  |d 2020-12-22  |l 0  |o DT515.83 .Ob1   |p 2020-230338  |r 2020-12-22 00:00:00  |w 2020-12-22  |y BK 
999 |c 585  |d 585